000 00794nam a2200241 a 4500
001 000026984
003 DO-SdBNP
005 20240412074252.0
008 110328s1984 dr 001 d spa d
040 _aDO-SdBNP
_bspa
_cBNPHU
082 _aRD862.44
_bM385u
100 1 _aMartínez Pérez, Ricardo
_927284
245 1 0 _aUn 27 de alegría y de sangre :
_bdrama en cuatro actos /
_cRicardo Martínez Pérez.
246 2 3 _aUn veinte y siete de alegría y de sangre
260 _aSanto Domingo :
_bTaller,
_c1984.
300 _a111 p. ;
_c21 cm.
590 _aInventariado, 2019/DG
600 1 0 _aSánchez, María Trinidad,
_d1794-1845
_946594
650 0 _aTeatro dominicano
_9637
650 0 _aLiteratura dominicana.
_967
910 _aValidado. Control de calidad. EMS
942 _2ddc
_cLBS1
999 _c26476
_d26476